00914nam a22002057a 4500003000900000008004100009040007100050082001500121100002100136245004500157260005400202300002500256440002300281505028900304650003000593650002000623650001700643650002300660650002500683AR-CdUCM190226b ||||| |||| 00| 0 spa d aMUNICIPALIDAD PROVINCIAL DEL CUSCOcBIBLIOTECA MUNICIPAL DEL CUSCO a940 /bB45 aBruun, Geoffrey  aLa Europa del siglo XIX :b1815 - 1914 / aMéxico :bFondo de Cultura Económica ;c1964. a250 páginas c17cm aBreviarios /n172. aReacción política y progreso económico (1815-30) -- Avances liberales y frustraciones románticas (1830-48) -- La penosa construcción de Naciones (1848-1867) -- Materialismo científico y Realpolitik (1867-1881) -- Los frutos del industrialismo y del imperialismo (1881-98)  amaterialismo científico aindustrialismo  aimperialismo apresiones sociales aequilibrio de poder